| 000 | 00750nam a22002297a 4500 | ||
|---|---|---|---|
| 003 | LK-CoMWRAF | ||
| 005 | 20231213134623.0 | ||
| 008 | 231016b2014 |||||||| |||| 00| 0 eng d | ||
| 020 | _a9789551302597 | ||
| 040 |
_aLK-CoMWRAF _dLK-CoMWRAF _eLK-CoMWRAF |
||
| 041 | _aeng | ||
| 082 |
_a342.549 _bGUN |
||
| 100 | _aGuneratne, Jayantha de Almeida | ||
| 245 |
_aJudicial mind in Sri Lanka : _bresponding to the protection of minority rights |
||
| 260 |
_aColombo: _bLaw and Society Trust, _c2014 |
||
| 300 |
_a298 p. 21cm _bBibliography included |
||
| 650 | _aMINORITIES-Legal status, laws -Sri Lanka | ||
| 650 | _aMinorities-Civil rights-Sri Lanka. | ||
| 700 | _aPinto-Jayawardena, Kishali | ||
| 700 | _aGunatilleke, Gehan | ||
| 942 | _cBK | ||
| 999 |
_c3888 _d3888 |
||